Eastern Utah Libraries Catalog: Duchesne, Heber, Roosevelt, & Vernal

The book of witching / (Record no. 404775)

MARC details
000 -LEADER
fixed length control field 02003nam a2200445 i 4500
001 - CONTROL NUMBER
control field on1484703012
003 - CONTROL NUMBER IDENTIFIER
control field OCoLC
005 - DATE AND TIME OF LATEST TRANSACTION
control field 20250224133118.0
008 - FIXED-LENGTH DATA ELEMENTS--GENERAL INFORMATION
fixed length control field 250115t20242024nyu 000 1 eng d
020 ## - INTERNATIONAL STANDARD BOOK NUMBER
International Standard Book Number 9798892421409
Qualifying information (hardback)
035 ## - SYSTEM CONTROL NUMBER
System control number (OCoLC)1484703012
040 ## - CATALOGING SOURCE
Original cataloging agency IHI
Language of cataloging eng
Description conventions rda
Transcribing agency IHI
Modifying agency OCLCO
043 ## - GEOGRAPHIC AREA CODE
Geographic area code e-uk-st
049 ## - LOCAL HOLDINGS (OCLC)
Holding library WACL
082 04 - DEWEY DECIMAL CLASSIFICATION NUMBER
Classification number 823/.92
Edition number 23/eng/20250115
092 ## - LOCALLY ASSIGNED DEWEY CALL NUMBER (OCLC)
Classification number fiction
Item number Cooke, C.J.
100 1# - MAIN ENTRY--PERSONAL NAME
Personal name Cooke, C.J.,
Dates associated with a name 1978-
Relator term author.
9 (RLIN) 6539342
245 14 - TITLE STATEMENT
Title The book of witching /
Statement of responsibility, etc C. J. Cooke.
250 ## - EDITION STATEMENT
Edition statement [Book of the Month edition].
264 #1 - Production, Publication, Distribution, Manufacture, and Copyright Notice.
Place of production, publication, distribution, manufacture New York :
Name of producer, publisher, distributor, manufacturer Berkley,
Date of production, publication, distribution, manufacture, or copyr [2024]
264 #4 - Production, Publication, Distribution, Manufacture, and Copyright Notice.
Date of production, publication, distribution, manufacture, or copyr 2024
300 ## - PHYSICAL DESCRIPTION
Extent 365 pages ;
Dimensions 25 cm
336 ## - Content Type
Content type term text
337 ## - Media type
Media type term unmediated
338 ## - Carrier type
Carrier type term volume
520 ## - SUMMARY, ETC.
Summary, etc Clem's daughter Erin is unconscious in the hospital after a hiking trip on the Orkney Islands that met a horrifying end. Even worse, her boyfriend is dead and her best friend is missing. When Erin wakes, she doesn't recognize her mother. And she doesn't answer to her name, but insists she is someone named Nyx. Clem travels the site of her daughter's accident, determined to find out what happened to her. Clem begins to wonder if Erin's strange behavior is a symptom of a broken mind, or the effects of an ancient curse?
650 #0 - SUBJECT ADDED ENTRY--TOPICAL TERM
Topical term or geographic name as entry element Witches
Form subdivision Fiction.
9 (RLIN) 5673734
650 #0 - SUBJECT ADDED ENTRY--TOPICAL TERM
Topical term or geographic name as entry element Blessing and cursing
Form subdivision Fiction.
9 (RLIN) 5675732
650 #0 - SUBJECT ADDED ENTRY--TOPICAL TERM
Topical term or geographic name as entry element Missing persons
Form subdivision Fiction.
650 #0 - SUBJECT ADDED ENTRY--TOPICAL TERM
Topical term or geographic name as entry element Amnesia
Form subdivision Fiction.
9 (RLIN) 5686567
651 #0 - SUBJECT ADDED ENTRY--GEOGRAPHIC NAME
Geographic name Orkney (Scotland)
Form subdivision Fiction.
9 (RLIN) 5751294
655 #7 - INDEX TERM--GENRE/FORM
Genre/form data or focus term Gothic fiction.
Source of term lcgft
9 (RLIN) 102700
655 #7 - INDEX TERM--GENRE/FORM
Genre/form data or focus term Horror fiction.
Source of term lcgft
655 #7 - INDEX TERM--GENRE/FORM
Genre/form data or focus term Paranormal fiction.
Source of term lcgft
9 (RLIN) 5674233
655 #7 - INDEX TERM--GENRE/FORM
Genre/form data or focus term Thrillers (Fiction)
Source of term lcgft
655 #7 - INDEX TERM--GENRE/FORM
Genre/form data or focus term Novels.
Source of term lcgft
655 #7 - INDEX TERM--GENRE/FORM
Genre/form data or focus term Romans.
Source of term rvmgf
9 (RLIN) 6374904
776 08 - ADDITIONAL PHYSICAL FORM ENTRY
Display text Online version:
Main entry heading Jess-Cooke, Carolyn, 1978-
Title Book of witching
Edition First edition.
Place, publisher, and date of publication New York : Berkley, 2024.
International Standard Book Number 9780593816974
Record control number (DLC) 2024017709
942 ## - ADDED ENTRY ELEMENTS (KOHA)
Source of classification or shelving scheme Dewey Decimal Classification
Koha item type BOOK
Holdings
Withdrawn status Lost status Source of classification or shelving scheme Damaged status Not for loan Collection code Home library Current library Shelving location Date acquired Source of acquisition Total Checkouts Total Renewals Full call number Barcode Date last seen Date checked out Cost, replacement price Price effective from Koha item type
    Dewey Decimal Classification     Fiction Wasatch County Library Wasatch County Library First Floor 02/24/2025 Donation 2 3 F Cooke 34301002110817 05/20/2025 03/22/2025 22.50 02/24/2025 BOOK
This project was made possible through a grant from the Institute of Museum and Library Service administered by the Utah State Library Division.

Wasatch County Library

  • 465 East 1200 South, Heber City, Utah 84032
  • Phone 435-654-1511 | Fax 435-654-6456

Hours

  • Monday - Friday 9:30 AM - 8:00 PM
  • Saturday 9:30 AM - 1:30 PM
  • Closed Sundays and Holidays